|
|
|
|
| LEADER |
01004nam a2200289 a 4500 |
| 001 |
12161 |
| 003 |
BD-DhAAL |
| 005 |
20250729104436.0 |
| 008 |
150304s20011987 inua 001 0 eng |
| 010 |
|
|
|a 87063480
|
| 020 |
|
|
|a 067248420X (pbk.) :
|
| 040 |
|
|
|a DLC
|c DLC
|d DLC
|d BD-DhAAL
|
| 050 |
0 |
0 |
|a QA76.73.C15
|b K63 1988
|
| 082 |
0 |
0 |
|a 005.13/3
|2 19
|
| 100 |
1 |
|
|a Kochan, Stephen G.
|9 9020
|
| 245 |
1 |
0 |
|a Programming in C /
|c Stephen G. Kochan.
|
| 250 |
|
|
|a Rev. ed.
|
| 260 |
|
|
|a Indianapolis, Ind. USA :
|b Hayden Books,
|c 1987 [reprinted 2001].
|
| 300 |
|
|
|a xi, 445 p. :
|b ill. ;
|c 25 cm.
|
| 490 |
|
|
|a Hayden books C library
|
| 500 |
|
|
|a "48420"--Cover.
|
| 500 |
|
|
|a Includes index.
|
| 541 |
|
|
|e 12162
|
| 650 |
|
0 |
|a C (Computer program language)
|9 7203
|
| 942 |
|
|
|2 ddc
|c BK
|
| 999 |
|
|
|c 33871
|d 33871
|
| 952 |
|
|
|0 0
|1 0
|2 ddc
|4 0
|6 005_133000000000000_KOC
|7 0
|9 52867
|a BRACUL
|b BRACUL
|c GEN
|d 2015-03-04
|l 5
|m 54
|o 005.133 KOC
|p 3010012162
|r 2025-11-01
|s 2025-10-11
|t 1
|w 2015-03-04
|y BK
|x Price not available in Register
|